100 Ríos del mundo con un mapa - Estadísticas

Estadísticas generales
  • Esta prueba ha sido intentada 5.245 veces
  • La puntuación promedio es 23 de 100
Respuestas en el mapa
Las respuestas están codificadas por una escala verde-roja en el mapa de la prueba según el % correcto abajo.
 
Estadísticas de respuestas
Río % Correcto
Amazonas
94%
Nilo
92%
Ebro
79%
Misisipi
78%
Danubio
77%
Tajo
75%
Duero
69%
Rin
66%
Volga
58%
Éufrates
56%
Po
56%
Río Amarillo
56%
Tigris
54%
Congo
52%
Ganges
48%
Misuri
44%
Rio Bravo
44%
Níger
40%
Paraná
40%
Colorado
39%
Loira
39%
Mekong
36%
Yangtsé
36%
Dniéper
34%
Orinoco
34%
Elba
32%
Uruguay
31%
Indo
30%
Ródano
28%
Zambeze
28%
Paraguay
26%
Rio Negro
24%
Yukón
24%
Dniéster
23%
Nilo Azul
23%
Senegal
23%
Vístula
23%
Río Rojo
22%
Ural
22%
Don
21%
San Lorenzo
20%
Lena
18%
Obi
18%
Orange
18%
Amur
17%
Mackenzie
17%
Murray
17%
Ohio
17%
Arkansas
16%
Magdalena
15%
Yeniséi
15%
Perla
14%
Brahmaputra
13%
Tennessee
13%
Columbia
12%
Limpopo
11%
Darling
10%
Okavango
10%
Pilcomayo
10%
San Francisco
10%
Volta
10%
Amu Daria
9%
Platte
9%
Sir Daria
9%
Dvina Septentrional
8%
Madeira
8%
Ottawa
8%
Snake
8%
Tocantins
8%
Pechora
7%
Salween
7%
Daugava
6%
Irawadi
6%
Irtish
6%
Ubangui
6%
Xingú
6%
Caquetá
5%
Juba
5%
Kama
5%
Kolimá
5%
Kurá
5%
Nelson
5%
Purús
5%
Río de la Paz
5%
Saskatchewan
5%
Tapajós
5%
Aldán
4%
Angará
4%
Araguaia
4%
Athabasca
4%
Godavari
4%
Kasai
4%
Krishna
4%
Narmada
4%
Tarim
4%
Tunguska Inferior
4%
Anádyr
3%
Helmand
3%
Indigirka
3%
Songhua
3%
No se encontraron pruebas coincidentes
Distribución de puntuación
Porcentaje de gente con cada puntuación
Porcentaje por número respondido
Historial de tus puntuaciones
No has intentado esta prueba.